| 000 | 01067nem a2200205 i 4500 | ||
|---|---|---|---|
| 001 | 73279 | ||
| 003 | ES-MaACL | ||
| 005 | 20250304063101.0 | ||
| 007 | t| | ||
| 008 | 040924s1816 sp | |0|1||spa d | ||
| 080 | _a912(460.23) | ||
| 100 | 0 |
_aLópez, Tomás, _d1730?-1802 _973373 |
|
| 245 | 1 | 0 |
_aMapa del principado de Cataluña [ _hMaterial cartográfico] _b: comprehende los corregimientos de Barcelona, Cervera, Gerona, Lérida, Manresa, Mataró, Puigcerdá, Talarn, Tarragona, Tortosa, Villafranca, Vique y la subdelegación del Valle de Arán : se tubo presente para la composición de este el Mapa de los Piryneos del sor. Rousel, el del conde Dornius, el de Josef Aparici, el de Francisco Garma, otros manuscritos y buenas realizaciones / _cpor Tomás López. |
| 250 | _a2ª ed. | ||
| 260 |
_a[Madrid : _bs.n., _c1816] |
||
| 300 |
_a1 mapa ; _c85 x 78 cm, pleg. en 20 x 14. |
||
| 651 | 4 |
_aCataluña- _vMapas- _yS.XIX. _98023 |
|
| 852 |
_aES-MaACL _jR-3278 _xOlim:G-6539 _q. - Montado sobre tela y con estuche nuevo |
||
| 999 |
_c73279 _d73279 |
||